Xarxa de museus locals
Descripción Física:
1 disc òptic mini (CD-ROM) ; 9,5 x 7,5 cm
MARC
| LEADER | 00000nmm a2200000 a 4500 | ||
|---|---|---|---|
| 001 | 18142 | ||
| 007 | cr aa aaaaa | ||
| 008 | 160829s9999 xx 000 0 cat d | ||
| 080 | |a CD-1-47 | ||
| 110 | 1 | |a Barcelona (Catalunya : Província). |b Xarxa de Museus Locals |9 52963 |e entitat autora | |
| 245 | |a Xarxa de museus locals |h [Recurs electrònic] / |c Diputació de Barcelona. Xarxa de Municipis | ||
| 260 | |a Barcelona: |b Diputació , [2006] | ||
| 300 | |a 1 disc òptic mini (CD-ROM) ; |c 9,5 x 7,5 cm | ||
| 590 | |a Informació també disponible al web http://www.diba.cat/museuslocals | ||
| 610 | 1 | 0 | |9 52963 |a Barcelona (Catalunya : Província). |b Xarxa de Museus Locals |
| 650 | 0 | |a Museus |z Barcelona (Província) |x Directoris |9 33428 | |
| 650 | |a Museus |x Barcelona (Província) |x Guies |9 20512 | ||
| 655 | 0 | |9 54985 |a CD-ROMs | |
| 710 | 1 | |a Barcelona (Catalunya : Província). |b Diputació |e entitat editora |9 52408 | |
| 901 | |a Arxiu | ||
| 942 | |n 1 |2 udc |c ARXIU | ||
| 952 | |0 0 |1 0 |4 0 |6 CD147 |7 1 |9 42395 |a Arxiu |b Arxiu |d 2016-12-01 |l 0 |o CD-1-47 |p 18142 |r 2016-12-01 00:00:00 |w 2016-12-01 |y ARXIU | ||
| 999 | |c 44900 |d 44900 | ||